000 00782nam a22002657a 4500
001 BR6002626
003 BR-BrBNA
005 20230928083133.0
007 ta
008 230509b bl.||||| |||| 00| 0 por d
040 _aBR-BrBNA
_bpor
_cBiblioteca Nacional de Agricultura
041 _a(Por)
072 _aP12; C00
_b/G514
090 _ P12 BR6002626
110 1 _aGrupo Executivo de Irrigacao para o Desenvolvimento Agricola, Rio de Janeiro, GB (Brasil)
_95484
245 1 _aPrograma de treinamento em irrigacao para o exercicio de 1972 [Brasil]
260 3 _aRecife, PE (Brasil):
_c1972.
300 _a15 p.
650 _aIrrigacao
650 _aExtensao rural
650 _aTreinamento
650 _aNordeste
909 _a202309
_bLucia
_c55
_dLucia Elande
942 _cBK
999 _c11762
_d11762